000
00281nam a22001217a 4500
008
180802b xxu||||| |||| 00| 0 eng d
082
_a
813.52
245
_a
College Oral Communication 3
_c
Delk,Ch,L
260
_c
2006
300
_a
2
_f
CD
440
_x
0618230394
942
_2
ddc
_c
MX
999
_c
46711
_d
46711